|
|
|
|
| LEADER |
02395nam a22004455i 4500 |
| 001 |
978-3-540-34594-7 |
| 003 |
DE-He213 |
| 005 |
20151204175504.0 |
| 007 |
cr nn 008mamaa |
| 008 |
100301s2007 gw | s |||| 0|eng d |
| 020 |
|
|
|a 9783540345947
|9 978-3-540-34594-7
|
| 024 |
7 |
|
|a 10.1007/978-3-540-34594-7
|2 doi
|
| 040 |
|
|
|d GrThAP
|
| 050 |
|
4 |
|a RC261-271
|
| 072 |
|
7 |
|a MJCL
|2 bicssc
|
| 072 |
|
7 |
|a MED062000
|2 bisacsh
|
| 082 |
0 |
4 |
|a 614.5999
|2 23
|
| 245 |
1 |
0 |
|a Acute Promyelocytic Leukemia
|h [electronic resource] :
|b Molecular Genetics, Mouse Models and Targeted Therapy /
|c edited by Pier Paolo Pandolfi, Peter K. Vogt.
|
| 264 |
|
1 |
|a Berlin, Heidelberg :
|b Springer Berlin Heidelberg,
|c 2007.
|
| 300 |
|
|
|a VIII, 274 p. 16 illus., 9 illus. in color.
|b online resource.
|
| 336 |
|
|
|a text
|b txt
|2 rdacontent
|
| 337 |
|
|
|a computer
|b c
|2 rdamedia
|
| 338 |
|
|
|a online resource
|b cr
|2 rdacarrier
|
| 347 |
|
|
|a text file
|b PDF
|2 rda
|
| 490 |
1 |
|
|a Current Topics in Microbiology and Immunology,
|x 0070-217X ;
|v 313
|
| 505 |
0 |
|
|a APL as a Paradigm in Biomedical Research: A Journey Toward the Cure -- Mouse Models of Acute Promyelocytic Leukemia -- The PLZF Gene of t(11;17)-Associated APL -- SUMO, the Three Rs and Cancer -- Emerging Role for MicroRNAs in Acute Promyelocytic Leukemia -- The Theory of APL Revisited -- Treatment of Acute Promyelocytic Leukemia by Retinoids -- Arsenic Trioxide and Acute Promyelocytic Leukemia: Clinical and Biological -- Front Line Clinical Trials and Minimal Residual Disease Monitoring in Acute Promyelocytic Leukemia -- Histone Deacetylase Inhibitors in APL and Beyond -- Monoclonal Antibody Therapy of APL -- Targeting APL Fusion Proteins by Peptide Interference -- The Design of Selective and Non-selective Combination Therapy for Acute Promyelocytic Leukemia.
|
| 520 |
|
|
|a (will follow).
|
| 650 |
|
0 |
|a Medicine.
|
| 650 |
|
0 |
|a Cancer research.
|
| 650 |
1 |
4 |
|a Biomedicine.
|
| 650 |
2 |
4 |
|a Cancer Research.
|
| 700 |
1 |
|
|a Pandolfi, Pier Paolo.
|e editor.
|
| 700 |
1 |
|
|a Vogt, Peter K.
|e editor.
|
| 710 |
2 |
|
|a SpringerLink (Online service)
|
| 773 |
0 |
|
|t Springer eBooks
|
| 776 |
0 |
8 |
|i Printed edition:
|z 9783540345923
|
| 830 |
|
0 |
|a Current Topics in Microbiology and Immunology,
|x 0070-217X ;
|v 313
|
| 856 |
4 |
0 |
|u http://dx.doi.org/10.1007/978-3-540-34594-7
|z Full Text via HEAL-Link
|
| 912 |
|
|
|a ZDB-2-SBL
|
| 950 |
|
|
|a Biomedical and Life Sciences (Springer-11642)
|